Ảnh hưởng của các biện pháp bón phân đạm đến sự bốc hơi NH3 trong canh tác lúa : Báo cáo tổng kết đề tài khoa học và công nghệ cấp Trường

Khảo sát sự bốc hơi khí NH3 khi áp dụng biện pháp bón phân đạm khác nhau bao gồm: bón phân vãi urea, bón vãi phân urea nBTPT, bón phân NPK viên nén, bón vùi phân NPK IBDU trong điều kiện canh tác lúa ở Tam Bình - Vĩnh Long....

詳細記述

保存先:
書誌詳細
第一著者: Võ, Thanh Phong
フォーマット: 図書
言語:Undetermined
出版事項: Cần Thơ Trường Đại học Cần Thơ 2015
主題:
タグ: タグ追加
タグなし, このレコードへの初めてのタグを付けませんか!
Thư viện lưu trữ: Trung tâm Học liệu Trường Đại học Cần Thơ
LEADER 01201nam a2200241Ia 4500
001 CTU_210276
008 210402s9999 xx 000 0 und d
082 |a 633.18 
082 |b Ph431 
088 |a TNCS2014-16 
100 |a Võ, Thanh Phong 
245 0 |a Ảnh hưởng của các biện pháp bón phân đạm đến sự bốc hơi NH3 trong canh tác lúa : 
245 0 |b Báo cáo tổng kết đề tài khoa học và công nghệ cấp Trường 
245 0 |c Võ Thanh Phong (chủ nhiệm đề tài) 
260 |a Cần Thơ 
260 |b Trường Đại học Cần Thơ 
260 |c 2015 
520 |a Khảo sát sự bốc hơi khí NH3 khi áp dụng biện pháp bón phân đạm khác nhau bao gồm: bón phân vãi urea, bón vãi phân urea nBTPT, bón phân NPK viên nén, bón vùi phân NPK IBDU trong điều kiện canh tác lúa ở Tam Bình - Vĩnh Long. 
650 |a Fertilizers,Cây lúa,Phân bón,Rice 
650 |x Chăm sóc,Breeding 
904 |i Nguyễn Duy Khang,Qhieu 
915 |a NN 
980 |a Trung tâm Học liệu Trường Đại học Cần Thơ